| 000 | 00798nam a2200205Ia 4500 | ||
|---|---|---|---|
| 001 | 18191 | ||
| 003 | GE_BSU | ||
| 008 | 181216s||||||||xx |||||||||||||| ||und|| | ||
| 020 | _a9789941403590 | ||
| 040 | _cGE_BSU | ||
| 100 | _aქიტოშვილი,თეა., ლობჟანიძე,ივლიტა | ||
| 245 | _aშევისწავლოთ ქართული ენა. სწავლების პირველი საფეხური. მასწავლებლის | ||
| 260 | _aთბილისი | ||
| 260 | _bბაკურ სულაკაურის გამ-ბა | ||
| 260 | _c2008 | ||
| 300 | _a72 გვ. ; 30სმ. | ||
| 541 | _h4ლ. | ||
| 653 | _aშევისწავლოთ ქართული ენა | ||
| 942 | _cBK | ||
| 999 |
_c51231 _d51231 |
||